|
|
|
|
| LEADER |
01563nam a2200421 a 4500 |
| 001 |
EBC3421262 |
| 003 |
MiAaPQ |
| 005 |
20200520144314.0 |
| 006 |
m o d | |
| 007 |
cr cn||||||||| |
| 008 |
130404s2013 ctuc s 001 0beng d |
| 010 |
|
|
|z 2013010902
|
| 020 |
|
|
|z 9780300195545 (cl : alk. paper)
|
| 020 |
|
|
|a 9780300198614 (electronic bk.)
|
| 035 |
|
|
|a (MiAaPQ)EBC3421262
|
| 035 |
|
|
|a (Au-PeEL)EBL3421262
|
| 035 |
|
|
|a (CaPaEBR)ebr10745245
|
| 035 |
|
|
|a (CaONFJC)MIL510077
|
| 035 |
|
|
|a (OCoLC)856021355
|
| 040 |
|
|
|a MiAaPQ
|c MiAaPQ
|d MiAaPQ
|
| 043 |
|
|
|a e-uk---
|
| 050 |
|
4 |
|a HB103.B2
|b P76 2013
|
| 082 |
0 |
4 |
|a 330.092
|a B
|2 23
|
| 100 |
1 |
|
|a Prochaska, F. K.
|
| 245 |
1 |
4 |
|a The memoirs of Walter Bagehot
|h [electronic resource] /
|c Frank Prochaska.
|
| 260 |
|
|
|a New Haven :
|b Yale University Press,
|c 2013.
|
| 300 |
|
|
|a xii, 207 p. :
|b port.
|
| 500 |
|
|
|a Includes index.
|
| 533 |
|
|
|a Electronic reproduction. Ann Arbor, MI : ProQuest, 2015. Available via World Wide Web. Access may be limited to ProQuest affiliated libraries.
|
| 600 |
1 |
0 |
|a Bagehot, Walter,
|d 1826-1877.
|
| 650 |
|
0 |
|a Economists
|z Great Britain
|v Biography.
|
| 650 |
|
0 |
|a Journalists
|z Great Britain
|v Biography.
|
| 650 |
|
0 |
|a Intellectuals
|z Great Britain
|v Biography.
|
| 651 |
|
0 |
|a Great Britain
|x Politics and government
|y 1837-1901.
|
| 651 |
|
0 |
|a Great Britain
|x Economic conditions
|y 19th century.
|
| 655 |
|
4 |
|a Electronic books.
|
| 710 |
2 |
|
|a ProQuest (Firm)
|
| 856 |
4 |
0 |
|u https://ebookcentral.proquest.com/lib/matrademy/detail.action?docID=3421262
|z Click to View
|